000 00431nam a22001577a 4500
003 OSt
005 20240705113810.0
007 170 pages
008 223 dt 3.7.2024 AO enterprises
020 _a9788183225434
040 _aAO enterprises
_benglish
_c
082 _a808.83
_bRAM
245 _aArt of Joyful Living
_cSwami Ram
_hMarathi
260 _bManjul
_c2015
942 _2ddc
_cBK
_h808.83
_iRAM
_k808.83
_mRAM
_n0
999 _c36054
_d36054